000 00455nam a22001697a 4500
003 NUST
005 20260206163123.0
008 260206b ||||| |||| 00| 0 eng d
020 _a978-1879102934
082 _a910.285
100 _a Bob Booth & Andy Mitchell.
_9133103
245 _aGetting Started with ArcGIS /
_cBob Booth & Andy Mitchell.
260 _aUSA:
_bESRI Press,
_c2001.
300 _a260 p ;
563 _aPapercover
942 _2ddc
_cBK
999 _c616101
_d616101